Antiguo Hospital de San Pedro (Record no. 1046)

MARC details
000 -CABECERA
campo de control de longitud fija 00971nam a2200253 a 4500
001 - NÚMERO DE CONTROL
campo de control BRCA_1169
005 - FECHA Y HORA DE LA ÚLTIMA TRANSACCIÓN
campo de control 20190320203319.0
008 - DATOS DE LONGITUD FIJA--INFORMACIÓN GENERAL
campo de control de longitud fija 000110s1999 mx-a---##b---#000-0#spa-d
020 ## - NÚMERO INTERNACIONAL ESTÁNDAR DEL LIBRO
Número Internacional Estándar del Libro 9685050007
041 ## - CÓDIGO DE LENGUA
Código de lengua del texto/banda sonora o título independiente spaeng
050 #4 - SIGNATURA TOPOGRÁFICA DE LA BIBLIOTECA DEL CONGRESO
Número de clasificación RA984.M4
Número de documento/Ítem .A58 1999
245 10 - MENCIÓN DE TÍTULO
Título Antiguo Hospital de San Pedro
Resto del título albergue de la memoria = The old Hospital of St Peter : haven of memory.
260 ## - PUBLICACIÓN, DISTRIBUCIÓN, ETC.
Lugar de publicación, distribución, etc. [Puebla, Pue., México]
Nombre del editor, distribuidor, etc. Gobierno del Estado de Puebla
Fecha de publicación, distribución, etc. [1999].
300 ## - DESCRIPCIÓN FÍSICA
Extensión 71 p.
Otras características físicas il. (algunas a color)
Dimensiones 31 cm.
500 ## - NOTA GENERAL
Nota general Incluye índice de ilustraciones y glosario
500 ## - NOTA GENERAL
Nota general 2do. ejemplar en el Área de Investigación
504 ## - NOTA DE BIBLIOGRAFÍA, ETC.
Nota de bibliografía, etc. Incluye referencias bibliográficas
546 ## - NOTA DE LENGUA/LENGUAJE
Nota de lengua/lenguaje Texto en: español e inglés
610 24 - PUNTO DE ACCESO ADICIONAL DE MATERIA--NOMBRE DE ENTIDAD CORPORATIVA
Nombre de entidad corporativa o nombre de jurisdicción como elemento de entrada Hospital de San Pedro
Subdivisión geográfica Puebla (México)
9 (RLIN) 3867
650 14 - PUNTO DE ACCESO ADICIONAL DE MATERIA--TÉRMINO DE MATERIA
Término de materia o nombre geográfico como elemento de entrada Edificios públicos
Subdivisión geográfica México
9 (RLIN) 3868
650 14 - PUNTO DE ACCESO ADICIONAL DE MATERIA--TÉRMINO DE MATERIA
Término de materia o nombre geográfico como elemento de entrada Arquitectura colonial
Subdivisión geográfica México
9 (RLIN) 1940
651 #4 - PUNTO DE ACCESO ADICIONAL DE MATERIA--NOMBRE GEOGRÁFICO
Nombre geográfico Puebla (México)
Subdivisión general Edificios, estructuras, etc.
9 (RLIN) 3182
942 ## - ELEMENTOS DE PUNTO DE ACCESO ADICIONAL (KOHA)
Fuente del sistema de clasificación o colocación Library of Congress Classification
Tipo de ítem Koha Libros
Holdings
Estado de retiro Estado de pérdida Estado dañado No para préstamo Localización permanente Ubicación/localización actual Fecha de adquisición Total de préstamos Signatura topográfica completa Código de barras Fecha visto por última vez Precio válido a partir de Tipo de ítem Koha Código de colección
El ejemplar forma parte de la colección y puede ser consultado según las políticas vigentes.       Biblioteca del Museo Franz Mayer (Rogerio Casas-Alatriste) Biblioteca del Museo Franz Mayer (Rogerio Casas-Alatriste) 26/06/2008   RA984.M4 .A58 1999 01688 22/03/2019 22/03/2019 Libros  
El ejemplar forma parte de la colección y puede ser consultado según las políticas vigentes.       Biblioteca del Museo Franz Mayer (Rogerio Casas-Alatriste) Biblioteca del Museo Franz Mayer (Rogerio Casas-Alatriste) 07/02/2012   RA984.M4 .A58 1999 02663 22/03/2019 22/03/2019 Libros Acervo General